000 00624cam a22001457a 4500
008 180718b1995 xxu||||| |||| 00| 0 eng d
082 _aA81x54 91/13/PT12A&B/N
100 _aCensus of India 1991
245 _aMadhya Pradesh district census handbook, Narsimhapur: village and town directory, village and townwise primary census abstract
260 _aBhopal
_bDirectorate of Census Operations
_c1995
300 _a798+p.
440 _aCensus of India 1991. Series-13, Madhya Pradesh. Part XII-A&B
650 _aCities and towns - Directories - Census - India - Madhya Pradesh - Narsimhapur
650 _aNarsimhapur - Census
999 _c478960
_d478960